Zákonník práce, zákon s komentárom

Zákon č. 311/2001 Z.z. Zákonník práce v znení zákona č. 165/2002 Z.z., zákona č. 408/2002 Z.z., zákona č. 413/2002 Z.z. a zákona č. 210/2003 Z.z.

Salvato in:
Dettagli Bibliografici
Autore principale: Buchtová, Mária
Natura: Capitolo di libro
Lingua:slovacco
Soggetti:
Tags: Aggiungi Tag
Nessun Tag, puoi essere il primo ad aggiungerne!!

MARC

LEADER 00000naa a2200000 4500
001 r049402
005 20230720081256.3
041 0 |a slo 
044 |a SK 
245 1 0 |a Zákonník práce, zákon s komentárom  |c Mária Buchtová 
520 |a Zákon č. 311/2001 Z.z. Zákonník práce v znení zákona č. 165/2002 Z.z., zákona č. 408/2002 Z.z., zákona č. 413/2002 Z.z. a zákona č. 210/2003 Z.z. 
610 2 0 |a právo pracovné 
610 2 0 |a zákonník práce 
610 2 0 |a novelizácia 
610 2 0 |a komentáre 
610 2 0 |a 2003 
100 1 |a Buchtová, Mária